UBT Library

Medical dosage calculations / (Record no. 44938)

000 -LEADER
fixed length control field 00679cam a2200241 a 4500
001 - CONTROL NUMBER
control field 14602326
005 - DATE AND TIME OF LATEST TRANSACTION
control field 20180314043222.0
008 - FIXED-LENGTH DATA ELEMENTS--GENERAL INFORMATION
fixed length control field 061019s2008 njua 001 0 eng
010 ## - LIBRARY OF CONGRESS CONTROL NUMBER
LC control number 2006034956
020 ## - INTERNATIONAL STANDARD BOOK NUMBER
International Standard Book Number 0132384701
035 ## - SYSTEM CONTROL NUMBER
System control number (DNLM)101290287
040 ## - CATALOGING SOURCE
Original cataloging agency DNLM/DLC
Transcribing agency DLC
Modifying agency DLC
041 ## - LANGUAGE CODE
Language code of text/sound track or separate title eng
060 10 - NATIONAL LIBRARY OF MEDICINE CALL NUMBER
Classification number QV 748
Item number O52m 2008
080 ## - UNIVERSAL DECIMAL CLASSIFICATION NUMBER
Universal Decimal Classification number 615.14 OLS
082 00 - DEWEY DECIMAL CLASSIFICATION NUMBER
Classification number 615.14 OLS
Edition number 22
100 ## - Rafti
Rafti 5
101 ## - Shkurtesa
Shkurtesa FAR
245 10 - TITLE STATEMENT
Title Medical dosage calculations /
Statement of responsibility, etc June L. Olsen ... [et al].
906 ## - LOCAL DATA ELEMENT F, LDF (RLIN)
a 7
b cbc
c orignew
d 1
e ecip
f 20
g y-gencatlg
942 ## - ADDED ENTRY ELEMENTS (KOHA)
Source of classification or shelving scheme
Item type Books
Holdings
Withdrawn status Lost status Source of classification or shelving scheme Damaged status Not for loan Collection code Permanent location Current location Shelving location Date acquired Total Checkouts Full call number Barcode Date last seen Price effective from Koha item type
          Koleksioni i përgjithshem UBT - Lipjan UBT - Lipjan Koleksioni i përgjithshem 03/14/2018   615.14 OLS 002-3001112 03/14/2018 03/14/2018 Books
UBT Library © 2015-2024. All rights reserved University Education for Business and Technology